Microsoft Lync 2013 unified communications (Record no. 23935)
[ view plain ]
| 000 -LEADER | |
|---|---|
| fixed length control field | 01434nam a2200337 a 4500 |
| 082 04 - DEWEY DECIMAL CLASSIFICATION NUMBER | |
| Classification number | 004.36 |
| 100 1# - MAIN ENTRY--AUTHOR NAME | |
| Personal name | Valik, Daniel Jonathan. |
| 245 10 - TITLE STATEMENT | |
| Title | Microsoft Lync 2013 unified communications |
| 260 ## - PUBLICATION, DISTRIBUTION, ETC. (IMPRINT) | |
| Place of publication | Birmingham, U.K. : |
| Name of publisher | Packt Publishing, |
| Year of publication | c2013. |
| 300 ## - PHYSICAL DESCRIPTION | |
| Number of Pages | 1 online resource (iv, 206 p.) : |
| Other physical details | ill., graphs. |
| 490 0# - SERIES STATEMENT | |
| Series statement | Professional Expertise Distilled |
| 500 ## - GENERAL NOTE | |
| General note | Includes index. |
| 650 #0 - SUBJECT ADDED ENTRY--TOPICAL TERM | |
| Topical Term | Client/server computing. |
| Topical Term | Microsoft Lync server. |
| Topical Term | Real-time data processing. |
| 856 40 - ELECTRONIC LOCATION AND ACCESS | |
| Uniform Resource Identifier | http://site.ebrary.com/lib/rucke/Doc?id=10695802 |
| 588 ## - | |
| -- | Description based on online resource; title from title page (ebrary, viewed May 21, 2013). |
No items available.
